| 000 | 00000nas##2200000za#4500 |
| 001 | 9.507948 |
| 003 | CaOODSP |
| 005 | 20200325095202 |
| 007 | cr ||||||||||| |
| 008 | 150406c2014||||xxc|| p o||||f| |0eng|d |
| 022 | |a2368-7495 |
| 040 | |aCaOODSP|beng |
| 043 | |an-cn--- |
| 086 | 1 |aR1-61E-PDF |
| 110 | 1 |aCanada. |bAboriginal Affairs and Northern Development Canada. |
| 245 | 14|aThe Strategic Partnerships Initiative |h[electronic resource] |
| 260 | |aOttawa - Ontario : |bAboriginal Affairs and Northern Development Canada |
| 310 | |aAnnual |
| 690 | 07|aIndigenous peoples|2gcpds |
| 690 | 07|aCommunity partnerships|2gcpds |
| 690 | 07|aEconomic development|2gcpds |
| 775 | 08|tInitiative sur les partenariats stratégiques |w(CaOODSP)9.504325 |
| 776 | 0#|tThe strategic partnerships initiative report |w(CaOODSP)9.500781 |
| 776 | 0#|tRapport de l'initiative sur les partenariats stratégiques |w(CaOODSP)9.500782 |